| 000 | 00771nam a22002057a 4500 | ||
|---|---|---|---|
| 003 | OSt | ||
| 005 | 20250526163419.0 | ||
| 008 | 250526b |||a|||| |||| 00| 0 spa d | ||
| 020 | _a8489213542 | ||
| 037 | _bDonación | ||
| 040 |
_aCO-JMCR _cCO-JMCR _bspa _dCO-JMCR _erda |
||
| 041 | 0 | _aspa | |
| 082 | 0 | 4 |
_a923 _bU76g _223 |
| 100 | 1 |
_aUribe R., Alberto, _944155 |
|
| 245 | 1 | 0 |
_aVida y obra de guerreros y militares / _cinvestigador redactor Alberto Uribe R. |
| 260 |
_aBogotá : _bEditorial Forja, _c1987. |
||
| 300 |
_a223 páginas : _bilustraciones ; _c24 cm. |
||
| 500 | _aJosué ; Alejandro Magno ; Anibal ; Julio César ; Gengis Khan ; Pizarro ; Cortés ; Washington ; Nelson ; Napoleón ; Bolívar ; Páez ; MacArthur ; Rommel ; Tito ; Dayan. | ||
| 942 |
_2ddc _cBK |
||
| 999 |
_c30996 _d17380 |
||